| 000 | 00943nam a22002537a 4500 | ||
|---|---|---|---|
| 005 | 20170123162352.0 | ||
| 010 | _aA-949216 | ||
| 020 | _c300.00 | ||
| 035 | _aA-949216 | ||
| 037 | _bCen Lib/Ret | ||
| 040 |
_aDPL _bUR |
||
| 082 |
_a921 _bح س ر |
||
| 100 |
_aصدیقی، نفیس احمد _9475 |
||
| 245 |
_a/ حسرت موہانی اور انقلابِ آزادی _cنفیس احمد صدیقی |
||
| 246 |
_aHasrat Muhani aur inqlab-e- azadi / _bby Nafis Ahmad Siddiqui |
||
| 260 |
_aپٹنہ _bخدا بخش ورئیےنٹل پبلک لائبریری _c1998 |
||
| 270 |
_aخدا بخش ورئیےنٹل پبلک لائبریری _bپٹنہ |
||
| 300 |
_a560p. _c21cm(Hb) |
||
| 650 |
_aسوانح حیات _9509 |
||
| 650 |
_aسوانح حیات - حسرت موہانی _9129899 |
||
| 650 |
_aBiography _97490 |
||
| 650 |
_aBiography - Hasrat Muhani _9137494 |
||
| 942 |
_2ddc _cUR _h921 _mح س ر |
||
| 999 |
_c109358 _d109358 |
||